<?xml version="1.0" encoding="UTF-8"?>
<record
    xmlns:xsi="http://www.w3.org/2001/XMLSchema-instance"
    xsi:schemaLocation="http://www.loc.gov/MARC21/slim http://www.loc.gov/standards/marcxml/schema/MARC21slim.xsd"
    xmlns="http://www.loc.gov/MARC21/slim">

  <leader>02144nam a22002897a 4500</leader>
  <controlfield tag="001">8903</controlfield>
  <controlfield tag="003">FISKH</controlfield>
  <controlfield tag="005">20251030125152.0</controlfield>
  <controlfield tag="008">251030b        cb ||||| |||| 00| 0 eng d</controlfield>
  <datafield tag="020" ind1=" " ind2=" ">
    <subfield code="a">9789996389283</subfield>
  </datafield>
  <datafield tag="040" ind1=" " ind2=" ">
    <subfield code="a">FISKH</subfield>
    <subfield code="b">khr</subfield>
    <subfield code="c">FISKH</subfield>
    <subfield code="d">FISKH</subfield>
  </datafield>
  <datafield tag="082" ind1=" " ind2=" ">
    <subfield code="a">398.2</subfield>
  </datafield>
  <datafield tag="100" ind1=" " ind2=" ">
    <subfield code="a">Anonymous </subfield>
  </datafield>
  <datafield tag="245" ind1=" " ind2=" ">
    <subfield code="a">&#x1780;&#x178E;&#x17D2;&#x178F;&#x17BB;&#x179A;&#x1798;&#x17BD;&#x1799;&#x200B;  /</subfield>
    <subfield code="c">By Anonymous</subfield>
  </datafield>
  <datafield tag="260" ind1=" " ind2=" ">
    <subfield code="a">Phnom Penh : </subfield>
    <subfield code="b">&#x1780;&#x17D2;&#x179A;&#x17BB;&#x1798;&#x17A0;&#x17CA;&#x17BB;&#x1793; &#x17A2;&#x1795;&#x17D2;&#x179F;&#x17BB;&#x1780; ,</subfield>
    <subfield code="c">2015.</subfield>
  </datafield>
  <datafield tag="300" ind1=" " ind2=" ">
    <subfield code="a">12 pages : </subfield>
    <subfield code="b">color illustrations ; </subfield>
    <subfield code="c">21 cm . </subfield>
  </datafield>
  <datafield tag="490" ind1=" " ind2=" ">
    <subfield code="a">&#x1793;&#x17B7;&#x1791;&#x17B6;&#x1793;&#x17A2;&#x1794;&#x17CB;&#x179A;&#x17C6;&#x179F;&#x1798;&#x17D2;&#x179A;&#x17B6;&#x1794;&#x17CB;&#x1780;&#x17BB;&#x1798;&#x17B6;&#x179A;</subfield>
  </datafield>
  <datafield tag="505" ind1=" " ind2=" ">
    <subfield code="a">J 
</subfield>
  </datafield>
  <datafield tag="520" ind1=" " ind2=" ">
    <subfield code="a">&#x1785;&#x17BB;&#x179B;&#x17D2;&#x179B;&#x1780;&#x179F;&#x17C1;&#x178A;&#x17D2;&#x178B;&#x17B8;&#x1787;&#x17B6;&#x1794;&#x178E;&#x17D2;&#x178C;&#x17B7;&#x178F;&#x178A;&#x17C2;&#x179B;&#x1798;&#x17B6;&#x1793;&#x1794;&#x17D2;&#x179A;&#x17B6;&#x1787;&#x17D2;&#x1789;&#x17B6;&#x1788;&#x17D2;&#x179B;&#x17B6;&#x179F;&#x179C;&#x17C3; &#x17D4; &#x1790;&#x17D2;&#x1784;&#x17C3;&#x1798;&#x17BD;&#x1799;&#x1782;&#x17B6;&#x178F;&#x17CB;&#x1794;&#x17B6;&#x1793;&#x1792;&#x17D2;&#x179C;&#x17BE;&#x178A;&#x17C6;&#x178E;&#x17BE;&#x179A;&#x1785;&#x17BC;&#x179B;&#x179C;&#x17B6;&#x17C6;&#x1784;&#x1780;&#x17CF;&#x1794;&#x17B6;&#x1793;&#x1783;&#x17BE;&#x1789;&#x1780;&#x178E;&#x17D2;&#x178F;&#x17BB;&#x179A;&#x1798;&#x17BD;&#x1799;&#x1780;&#x17D2;&#x1794;&#x17B6;&#x179B;&#x1784;&#x17B6;&#x1794;&#x17CB;&#x1793;&#x17C5;&#x178F;&#x17B6;&#x1798;&#x1795;&#x17D2;&#x179B;&#x17BC;&#x179C; &#x1782;&#x17B6;&#x178F;&#x17CB;&#x1780;&#x17CF;&#x1794;&#x17B6;&#x1793;&#x1794;&#x17D2;&#x179A;&#x1791;&#x17C7;&#x1783;&#x17BE;&#x1789;&#x1794;&#x17BB;&#x179A;&#x179F;&#x1780;&#x17D2;&#x179A;&#x17B8;&#x1780;&#x17D2;&#x179A;&#x1798;&#x17D2;&#x1793;&#x17B6;&#x1780;&#x17CB;&#x200B; &#x1782;&#x17B6;&#x178F;&#x17CB;&#x1798;&#x17BE;&#x179B;&#x1783;&#x17BE;&#x1789;&#x1790;&#x17B6;&#x1794;&#x17BB;&#x179A;&#x179F;&#x1780;&#x17D2;&#x179A;&#x17B8;&#x1780;&#x17D2;&#x179A;&#x1793;&#x17C4;&#x17C7;&#x1787;&#x17B6;&#x1798;&#x1793;&#x17BB;&#x179F;&#x17D2;&#x179F;&#x1786;&#x17D2;&#x179B;&#x17B6;&#x178F;&#x179B;&#x17C4;&#x1780;&#x1780;&#x17CF;&#x1794;&#x17D2;&#x179A;&#x17B6;&#x1794;&#x17CB;&#x17A2;&#x17C4;&#x1799;&#x1798;&#x1793;&#x17BB;&#x179F;&#x17D2;&#x179F;&#x1780;&#x17D2;&#x179A;&#x17B8;&#x1780;&#x17D2;&#x179A;&#x1793;&#x17C4;&#x17C7;&#x1799;&#x1780;&#x1780;&#x178E;&#x17D2;&#x178F;&#x17BB;&#x179A;&#x1791;&#x17C5;&#x179B;&#x1780;&#x17CB;&#x17D4; &#x1782;&#x17C1;&#x1780;&#x17CF;&#x1798;&#x17B6;&#x1793;&#x1782;&#x17C6;&#x1793;&#x17B7;&#x178F;&#x200B;&#x179B;&#x17D2;&#x17A2;&#x1797;&#x17D2;&#x179B;&#x17B6;&#x1798; &#x17D4; &#x178A;&#x17C4;&#x1799;&#x179F;&#x17B6;&#x179A;&#x178F;&#x17C2;&#x1797;&#x17B6;&#x1796;&#x179C;&#x17C3;&#x1786;&#x17D2;&#x179B;&#x17B6;&#x178F;&#x179A;&#x1794;&#x179F;&#x17CB;&#x1782;&#x17C1;&#x200B; &#x1782;&#x17C1;&#x1780;&#x17CF;&#x1794;&#x17B6;&#x1793;&#x1780;&#x17D2;&#x179B;&#x17B6;&#x1799;&#x1787;&#x17B6;&#x17A2;&#x17D2;&#x1793;&#x1780;&#x1798;&#x17B6;&#x1793;&#x200B; &#x17D4;&#x200B; </subfield>
  </datafield>
  <datafield tag="520" ind1=" " ind2=" ">
    <subfield code="a">The wealthy scholar Chullak was a wise and clever man. One day, while traveling into the palace, he saw a dead rat lying along the road. He also came across a poor man. Seeing that the poor man was intelligent, he advised him to take the rat and sell it. The poor man immediately had a good idea. Thanks to his cleverness, he became wealthy.</subfield>
  </datafield>
  <datafield tag="521" ind1="8" ind2=" ">
    <subfield code="a">500 
</subfield>
    <subfield code="b">Lexile estimate 
</subfield>
  </datafield>
  <datafield tag="521" ind1="8" ind2=" ">
    <subfield code="a">J 
</subfield>
    <subfield code="b">Raz-Plus 
</subfield>
  </datafield>
  <datafield tag="650" ind1=" " ind2=" ">
    <subfield code="a">&#x1780;&#x178E;&#x17D2;&#x178F;&#x17BB;&#x179A;&#x1798;&#x17BD;&#x1799;&#x200B;</subfield>
    <subfield code="v">&#x179A;&#x17BF;&#x1784;&#x1793;&#x17B7;&#x1791;&#x17B6;&#x1793;&#x1780;&#x17BB;&#x1798;&#x17B6;&#x179A;</subfield>
  </datafield>
  <datafield tag="650" ind1=" " ind2=" ">
    <subfield code="a">A mouse</subfield>
    <subfield code="v">Children's Stories </subfield>
  </datafield>
  <datafield tag="942" ind1=" " ind2=" ">
    <subfield code="2">ddc</subfield>
    <subfield code="c">KHB</subfield>
    <subfield code="n">0</subfield>
  </datafield>
  <datafield tag="999" ind1=" " ind2=" ">
    <subfield code="c">8903</subfield>
    <subfield code="d">8903</subfield>
  </datafield>
  <datafield tag="952" ind1=" " ind2=" ">
    <subfield code="0">0</subfield>
    <subfield code="1">0</subfield>
    <subfield code="2">ddc</subfield>
    <subfield code="4">0</subfield>
    <subfield code="7">0</subfield>
    <subfield code="8">KH</subfield>
    <subfield code="a">002</subfield>
    <subfield code="b">002</subfield>
    <subfield code="c">TTP Khmer</subfield>
    <subfield code="d">2025-10-30</subfield>
    <subfield code="l">0</subfield>
    <subfield code="o">ANO 398.2</subfield>
    <subfield code="p">FIS04344</subfield>
    <subfield code="r">2025-10-30 12:51:49</subfield>
    <subfield code="t">1</subfield>
    <subfield code="w">2025-10-30</subfield>
    <subfield code="y">KHB</subfield>
  </datafield>
  <datafield tag="952" ind1=" " ind2=" ">
    <subfield code="0">0</subfield>
    <subfield code="1">0</subfield>
    <subfield code="2">ddc</subfield>
    <subfield code="4">0</subfield>
    <subfield code="7">0</subfield>
    <subfield code="8">KH</subfield>
    <subfield code="a">002</subfield>
    <subfield code="b">002</subfield>
    <subfield code="c">TTP Khmer</subfield>
    <subfield code="d">2025-10-30</subfield>
    <subfield code="l">0</subfield>
    <subfield code="o">ANO 398.2</subfield>
    <subfield code="p">FIS05020</subfield>
    <subfield code="r">2025-10-30 12:58:15</subfield>
    <subfield code="t">2</subfield>
    <subfield code="w">2025-10-30</subfield>
    <subfield code="y">KHB</subfield>
  </datafield>
  <datafield tag="952" ind1=" " ind2=" ">
    <subfield code="0">0</subfield>
    <subfield code="1">0</subfield>
    <subfield code="2">ddc</subfield>
    <subfield code="4">0</subfield>
    <subfield code="7">0</subfield>
    <subfield code="8">KH</subfield>
    <subfield code="a">002</subfield>
    <subfield code="b">002</subfield>
    <subfield code="c">TTP Khmer</subfield>
    <subfield code="d">2025-12-11</subfield>
    <subfield code="l">0</subfield>
    <subfield code="o">ANO 398.2</subfield>
    <subfield code="p">FIS04395</subfield>
    <subfield code="r">2025-12-11 10:33:28</subfield>
    <subfield code="t">3</subfield>
    <subfield code="w">2025-12-11</subfield>
    <subfield code="y">KHB</subfield>
  </datafield>
  <datafield tag="952" ind1=" " ind2=" ">
    <subfield code="0">0</subfield>
    <subfield code="1">0</subfield>
    <subfield code="2">ddc</subfield>
    <subfield code="4">0</subfield>
    <subfield code="7">0</subfield>
    <subfield code="8">KH</subfield>
    <subfield code="a">002</subfield>
    <subfield code="b">002</subfield>
    <subfield code="c">TTP Khmer</subfield>
    <subfield code="d">2025-12-12</subfield>
    <subfield code="l">0</subfield>
    <subfield code="o">ANO 398.2</subfield>
    <subfield code="p">FIS05022</subfield>
    <subfield code="r">2025-12-12 10:29:31</subfield>
    <subfield code="t">4</subfield>
    <subfield code="w">2025-12-12</subfield>
    <subfield code="y">KHB</subfield>
  </datafield>
</record>
